| 000 | 01429nam a2200289Ia 4500 | ||
|---|---|---|---|
| 999 |
_c36862 _d36862 |
||
| 001 | 2811 | ||
| 003 | GE_BSU | ||
| 005 | 20190506101755.0 | ||
| 008 | 181216s1998||||ge |||||||||||||| ||geo|| | ||
| 020 | _a3800618508 | ||
| 040 | _cGE_BSU | ||
| 041 | _ageo | ||
| 080 | _a330.101.542 ფ–39 | ||
| 100 |
_aფელი, ულრიხ _9721 |
||
| 245 |
_aმიკროეკონომიკის საფუძვლები:წარმოების, მოთხოვნისა და საბაზრო თეორიის შესავალი:–Grundlagen der Mikrookonomie / _cულრიხ , ფელი ; პეტერ ობრენდერი ; გერმ.თარგმნ: ბადრი გელიტაშვილმა, რედ : მაკა ღაღანიძე |
||
| 264 |
_aთბილისი .: _b"ხელოვნება" , _c1998. |
||
| 300 |
_a451 გვ ; _c24 სმ. |
||
| 300 | _eბიბლიოგრ: გვ. 441 | ||
| 504 | _aბიბლიოგრ: გვ. 441 | ||
| 541 | _h30 ლ. | ||
| 653 | _aმიკროეკონომიკა | ||
| 653 | _aეკონომიკა | ||
| 700 |
_aობრენდერი , პეტერ _9722 |
||
| 700 |
_aგელიტაშვილი, ბადრი _eმთარგმნელი _9723 |
||
| 700 |
_aღაღანიძე , მაკა _9724 |
||
| 942 |
_cBK _2udc |
||